00768nam a2200217Ia 4500003000900000008004100009020001800050040001600068080001800084100002800102245008400130260003900214300001500253650003100268650003600299650003100335650002700366942000700393999001700400952013300417IN-BaIIA211028s9999 xx 000 0 eng d a0-486-60590-6 cIIA Library a524.3-64bCHA aChandrasekhar, S.91248 0aRadiative transfercS. Chandrasekhar  aNew YorkbDover Publicationsc1960 axiv, 393p. aIsotopic scattering912833 aPrinciples of Invariance912834 aQuadrature formulae912835 aThe H-Functions927578 cBK c15113d15113 00104070aBANbHOScGENd2003-06-16eEDS g701.16l0o524.3-64/ CHAp16035r2021-11-05v701.16w2003-06-16yBKGRs. 701.16